000 00952nam a2200301 i 4500
003 EG-GICUC
005 20260214123402.0
008 260211s1947 fr ||fr|||| 000 0 fre d
040 _aEG-GiCUC
_bfre
_cEG-GiCUC
_dEG-GiCUC
_eRda
041 0 _afre
082 0 4 _221
_a341.84
_bDE . C
092 0 4 _221
099 _aLaw1 12 341.84 DE . C 1947
100 1 _aDelaume, Georges-rené
_eAuteur
245 1 2 _aLes Conflits De Lois A La Veille Du Code Civil /
_cGeorges-rené Delaume
264 1 _aParis :
_bRecueil Sirey,
_c1947.
300 _a386 page,
_c24 cm.
_billustration ;
336 _2rda contenu
_a texte
337 _2rda medias
_aOrdinateur
338 _2 transporteur rda
_a Ressource en ligne
546 _aTexte en français
650 1 4 _aConflit de lois
_2qrmak
650 1 4 _aDroit international privé
_2
651 1 _2
856 4 0 _uhttps://fll.law.cu.edu.eg/fulltext/bks/B12-02363.pdf
905 _a79
942 _2ddc
_cBK
_e21
_n0
999 _c62532
_d62532